McGraw-Hill encyclopedia of science and technology

Sparad:
Bibliografiska uppgifter
Materialtyp: Bok
Språk:Undetermined
Publicerad: New York, NY McGraw-Hill 2007
Ämnen:
Taggar: Lägg till en tagg
Inga taggar, Lägg till första taggen!
Thư viện lưu trữ: Trung tâm Học liệu Trường Đại học Cần Thơ
LEADER 00500nam a2200181Ia 4500
001 CTU_130588
008 210402s9999 xx 000 0 und d
020 |c 2396000 
082 |a 503 
082 |b M147/T.12 
245 0 |a McGraw-Hill encyclopedia of science and technology 
260 |a New York, NY 
260 |b McGraw-Hill 
260 |c 2007 
650 |a Science,Technology 
650 |x Encyclopedias,Encyclopedias 
904 |i Minh 
980 |a Trung tâm Học liệu Trường Đại học Cần Thơ